Sông đông êm đềm T.1
Shranjeno v:
| Glavni avtor: | |
|---|---|
| Drugi avtorji: | |
| Format: | Knjiga |
| Izdano: |
Hà Nội
Văn học
2012
|
| Teme: | |
| Oznake: |
Označite
Brez oznak, prvi označite!
|
| Thư viện lưu trữ: | Trung tâm Học liệu Lê Vũ Hùng, Trường Đại học Đồng Tháp |
|---|
| LEADER | 00804pam a22002418a 4500 | ||
|---|---|---|---|
| 001 | 00045967 | ||
| 005 | 20201125101127.0 | ||
| 008 | 110527s1983 ||||||Viesd | ||
| 020 | # | # | |c 200000 |
| 041 | 0 | # | |a Vie |
| 082 | 1 | 4 | |a 891.73 |b S455Đ |
| 100 | 0 | # | |a Sôlôkhôp, Mikhain |
| 245 | 0 | 0 | |a Sông đông êm đềm |c Mikhain Sôlôkhôp; Nguyễn Thụy Ứng (dịch) |n T.1 |
| 260 | # | # | |a Hà Nội |b Văn học |c 2012 |
| 300 | # | # | |a 683 tr. |c 24 cm |
| 500 | # | # | |a Dịch từ tiếng Nga |
| 653 | # | # | |a Liên Xô |
| 653 | # | # | |a Tiểu thuyết |
| 653 | # | # | |a Văn học hiện đại |
| 700 | 0 | # | |e Dịch |a Nguyễn Thụy Ứng |
| 852 | # | # | |j KD.0027466 |j KM.0034698 |
| 910 | 0 | # | |d 25/11/2020 |
| 980 | # | # | |a Trung tâm Học liệu Lê Vũ Hùng, Trường Đại học Đồng Tháp |